00651nam a22002057a 450000500170000001000170001702000430003402000180007703500170009503700240011208200110013610000170014724500560016426000690022027000660028930000310035549000210038650000180040770000200042520120120104554.0 aB-469116-141 a9788179933503c775.00 (set of 5 books) a9788179933824 aB-469116-141 adplbBlue Berry/Ven a725.94 aGovil, Mamta aMonumentsbby Mamta Govil; edited by Anupama Jauhry aNew DelhibThe Energy and Resources Institute, TERI Press,c2011 aDarbari Seth Block, IHC Centre, Lodhi RoadbNew Delhie110003 a30p.bill (col)c29cm (Hb) aWonders of India aage 6-8 group aJauhry, Anupama